000 00456nam a2200193Ia 4500
008 170918s9999 xx 000 0 und d
020 _a9780590409230
050 _bM127 1948
100 _aMcCloskey, Robert
245 _aBlueberries for Sal /
245 _cRobert McCloskey.
260 _aNew York :
260 _bScholastic,
260 _c1948
300 _a54 pages :
300 _bcolored illustration ;
300 _c19cm.
500 _a890
999 _c342131
_d342131